000 00277nam a2200097Ia 4500
082 _aEF MATT
245 0 _aAzanian love song
100 _a Mattera, Don, , 1935- Grant Park, South Africa, 2007 Rev. ed
_946973
942 _cBK
008 210817s9999 xx 000 0 und d
999 _c153978
_d153977